Statistics for 5 East Asian Countries With The Highest English Proficiency

Click here to take the quiz!

General Stats

  • This quiz has been taken 32 times
  • The average score is 3 of 5

Answer Stats

EPI ScoreCountry% Correct
66.2Singapore
87%
55.49India
83%
58.55Malaysia
77%
55.63China
63%
60.14Phillipines
17%

Score Distribution

Percentile by Number Answered

Percent of People with Each Score

Your Score History

You have not taken this quiz